| 000 | 00568nam a2200229Ia 4500 | ||
|---|---|---|---|
| 008 | 210210b1927 xxu||||| |||| 00| 0 eng d | ||
| 041 | _aeng | ||
| 082 | _a548/40 | ||
| 100 | _aJOHNSTON (J H) | ||
| 245 | _aPrinciples of practical bacteriology for scientific workers | ||
| 260 |
_aLondon _bJ & A Churchill _c1927 |
||
| 300 | _a110 | ||
| 650 | _aworkers | ||
| 650 | _ascientific | ||
| 650 | _aPrinciples | ||
| 650 | _apractical | ||
| 650 | _afor | ||
| 650 | _abacteriology | ||
| 690 | _aAnalytical Chemistry | ||
| 700 | _aSIMPSON (R H) | ||
| 906 | _a009919 | ||
| 999 |
_c127244 _d127244 |
||